000 00454nam a2200145Ia 4500
008 231129s1996||||xx |||||||||||||| ||spa||
020 _a958-9092-78-0
040 _bspa
082 _a325.386126 V152v
100 _aValencia Llano Albeiro
245 0 _aVida cotidiana y desarrollo regional en la colonización antioqueña
260 _c1996
264 _aCentro Editorial Universidad de Caldas
942 _2ddc
_cBKS
999 _c26260
_d26260